Vývoj trhu práce v agrokomplexu.

Analýza vývoja nezamestnanosti, reálnych miezd a odmeňovania v agrokomplexe v r. 1991. Charakteristika zamestnanosti a základné oblasti trhu práce. Úbytok pracovných miest a jeho odvetvová a profesná štruktúra. Absencia aktívnej politiky zamestnanosti. Potreba opatrení na úrovni štátnej politiky zam...

Ausführliche Beschreibung

Gespeichert in:
Bibliographische Detailangaben
1. Verfasser: Klapková, H.
Format: Buchkapitel
Sprache:Tschechisch
Schlagworte:
Tags: Tag hinzufügen
Keine Tags, Fügen Sie das erste Tag hinzu!

MARC

LEADER 00000naa a2200000 4500
001 r008329
005 20220831091151.3
041 0 |a cze 
044 |a [CS] 
245 1 0 |a Vývoj trhu práce v agrokomplexu.  |c H. Klapková 
520 |a Analýza vývoja nezamestnanosti, reálnych miezd a odmeňovania v agrokomplexe v r. 1991. Charakteristika zamestnanosti a základné oblasti trhu práce. Úbytok pracovných miest a jeho odvetvová a profesná štruktúra. Absencia aktívnej politiky zamestnanosti. Potreba opatrení na úrovni štátnej politiky zamestnanosti a na úrovni rezortu. Vývoj miezd a odmien. Úlohy mzdovej politiky v agrokomplexe. 
610 2 0 |a trh práce 
610 2 0 |a agrokomplex 
610 2 0 |a nezamestnanosť 
610 2 0 |a mzdy reálne 
610 2 0 |a odmeňovanie 
610 2 0 |a zamestnanosť 
610 2 0 |a mzdy 
610 2 0 |a politika mzdová 
610 2 0 |a tabuľky štatistické 
610 2 0 |a ČSFR 
610 2 0 |a 1991 
610 2 0 |a poľnohospodárstvo 
100 1 |a Klapková, H.